00540nam a2200181Ii 45000010005000000030009000050080041000140400033000550410008000880820020000961000026001162450068001422640055002103000012002653360026002773370028003033380027003312644CO-ViMGA241108s9999||||xx |||||||||||||| ||und|| aCO-ViMGAbspaerdacCO-ViMGA0 aspa04aFA 928.6 - C17g1 aFrancisco Javier Caro10aFrancisco Javier Caro:bTronco hispano de los caros en Colombia 1aBogotá, Colombia : Instituto Caro y Cuervo, 1997 avolumen atextbtxt2rdacontent aunmediatedbn2rdamedia avolumebnc2rdacarrier